Herencia y desarrollo embrionario /

Guardado en:
Autor Principal: Moore, John A.
Formato: Libro
Publicado: México : Limusa-wiley, 1968
Materias:
Adn
Etiquetas: Agregar Etiqueta
Sin Etiquetas, Sea el primero en etiquetar este registro!
LEADER 00707nam a22002175a 4500
001 CEM.cems004518
005 20060216000000.0
008 130507s1968##################000#0#####d
003 CEMS
082 0 4 |a 613.9 
100 1 |a Moore, John A. 
245 1 0 |a Herencia y desarrollo embrionario / 
260 |a México :  |b Limusa-wiley,  |c 1968 
300 |a 271 p. 
505 0 |a La informaci¢n sexual.- La educaci¢n sexual propiamente dicha.- Gradaciónes del crecimiento 
653 |a Adn 
653 |a Cromosomas sexuales 
653 |a Embriologia humana 
653 |a Genetica humana 
859 |a CEMS  |b BIB. CEMS - 11 de abril  |h 613.9  |i M78  |p 7729.80  |t Ej.1 
859 |a CEMS  |b BIB. CEMS - 11 de abril  |h 613.9  |i M78  |p 7949.80  |t Ej.2